000 01243nam a22002657a 4500
005 20170124103058.0
010 _aB-116373
020 _c175.00
_a8126707593
035 _aB-116373
037 _bCen Lib/Ret
040 _aDPL
_bHN
082 _a
_bटिकट
245 _aटिकट- संग्रह :
_cमूल चेक से अनुवाद निर्मल वर्मा
_bकारेल चापेक की कहानियां /
246 _aTicket-sangrah : Karel Chapek ki kahaniyan /
_bmool check se anuvad Nirmal Varma
260 _aनयी दिल्ली
_bराजकमल प्रकाशन
_c2003
270 _bनयी दिल्ली
_e110002
_a1-बी, नेताजी सुभाष मार्ग
300 _aviii,147p.
_c19से.मी. (सजिल्द)
500 _aपरिशष्ट शामिल
650 _aहिंदी साहित्य
_975537
650 _aहिंदी साहित्य
_xकहानियां
_975538
650 _aHindi literature
_975539
650 _aHindi literature
_xstories
_975540
700 _aवर्मा, निर्मल
_975541
942 _2ddc
_cHN
_h
_mटिकट
999 _c117576
_d117576